=LDR 00000nam 2200000 4500 =001 INLIS000000000054763 =005 20200224080918 =035 ##$$a 0010-0220000325 =007 ta =008 200224###########################0#ind## =020 ##$$a 978-602-61159-0-4 =082 ##$$a 153.8 =084 ##$$a 153.8 Rah m =245 1#$$a Move On Dari Pikiran Negatif : $b Sikat Habis Pikiran-Pikiran Buruk /$c Rahardian Sukma =250 ##$$a Cet 1 =300 ##$$a 172 Halaman ; $c 20 Cm. =650 #4$$a Motivasi =700 #$$a Editor: Alya Irdani =504 ##$$a Bibliografi: Halaman 169-171 =264 ##$$a Yogyakarta :$b Saufa,$c 2017 =336 ##$$a teks$2 rdacontent =337 ##$$a lain-lain$2 rdamedia =338 ##$$a lain-lain$2 rdacarrier =990 ##$$a 01110111 =990 ##$$a 01110111